Mass Media and Society: Taking Sides - Clashing Views in Mass Media and Society : (Record no. 608316)

MARC details
000 -LEADER
fixed length control field 00536nam a2200181 a 4500
008 - FIXED-LENGTH DATA ELEMENTS--GENERAL INFORMATION
fixed length control field 260111s2008##################000#0#eng##
020 ## - INTERNATIONAL STANDARD BOOK NUMBER
ISBN 9780073515243
082 04 - DEWEY DECIMAL CLASSIFICATION NUMBER
Classification number 302.23
Item number ALE
100 1# - MAIN ENTRY--AUTHOR NAME
Personal name Alexander, Alison,
245 10 - TITLE STATEMENT
Title Mass Media and Society: Taking Sides - Clashing Views in Mass Media and Society :
260 ## - PUBLICATION, DISTRIBUTION, ETC. (IMPRINT)
Name of publisher McGraw-Hill/Dushkin,
Year of publication 2008.
650 #0 - SUBJECT ADDED ENTRY--TOPICAL TERM
Topical Term Performing Arts.
942 ## - ADDED ENTRY ELEMENTS (KOHA)
Koha item type English Books
Holdings
Withdrawn status Lost status Damaged status Not for loan Home library Current library Shelving location Date acquired Full call number Accession Number Price effective from Koha item type
        Anna Centenary Library Anna Centenary Library 3RD FLOOR, B WING 12.01.2026 302.23 ALE 407433 12.01.2026 English Books

Find us on the map